| 000 | 00000nam 2200000za 4500 |
| 001 | 9.845182 |
| 003 | CaOODSP |
| 005 | 20221107152915 |
| 007 | cr ||||||||||| |
| 008 | 171005s1964 onc #o f000 0 eng d |
| 040 | |aCaOODSP|beng |
| 043 | |an-cn--- |
| 086 | 1 |aR31-5-1964E-PDF |
| 245 | 00|aSchedule of Indian reserves and settlements |h[electronic resource] : |bPart I : Prince Edward Island, Nova Scotia, New Brunswick, Quebec, Ontario, Manitoba, Saskstachewan, Alberta, Yukon and Northwest Territories : revised to January 31, 1964. |
| 246 | 10|aPrince Edward Island, Nova Scotia, New Brunswick, Quebec, Ontario, Manitoba, Saskstachewan, Alberta, Yukon and Northwest Territories : |brevised to January 31, 1964 |
| 260 | |a[Ottawa?] : |bDepartment of Citizenship and Immigration, Indian Affairs Branch, |c1964. |
| 300 | |a82 p. |
| 500 | |aDigitized edition from print [produced by Indigenous and Northern Affairs Canada]. |
| 520 | |a"This schedule contains an alphabetical list of Indian Reserves and Settlements in Canada, excepting those located in the Province of British Columbia."--Preface. |
| 692 | 07|2gccst|aAboriginal reserves |
| 692 | 07|2gccst|aAboriginal lands |
| 710 | 1 |aCanada. |bCitizenship and Immigration Canada. |
| 710 | 1 |aCanada. |bIndian Affairs Branch. |
| 856 | 40|qPDF|s5.43 MB|uhttps://publications.gc.ca/collections/collection_2017/aanc-inac/R31-5-1964.pdf |